[Event "Asian Cities-chT"]
[Site "Khanty-Mansiysk"]
[Date "2024.04.26"]
[Round "6.4"]
[White "Asgharzadeh, Mitra"]
[Black "Kuznetsov, Mikhail V"]
[Result "0-1"]
[WhiteElo "2019"]
[BlackElo "2246"]
[PlyCount "72"]
[EventDate "2024.04.21"]
[EventType "team-swiss"]
[EventRounds "9"]
[EventCountry "RUS"]
[SourceTitle "CB18_2024"]
[SourceDate "2024.05.01"]
[SourceVersion "1"]
[SourceVersionDate "2024.05.01"]
[SourceQuality "2"]
[WhiteTeam "Tehran (W)"]
[BlackTeam "Moscow"]
[WhiteTeamCountry "IRI"]
[BlackTeamCountry "RUS"]

1. Nf3 Nf6 2. g3 g6 3. Bg2 Bg7 4. 0-0 0-0 5. d3 d5 6. Nbd2 Nc6 7. e4 e5 8. c3 a5 9. a4 Re8 10. h3 h6 11. Nh2 Be6 12. f4 dxe4 13. dxe4 Qd7 14. h4 Rad8 15. Qf3 h5 16. Qf2 b6 17. Kh1 Qd3 18. Ra3 Bf8 19. b4 Qc2 20. f5 gxf5 21. exf5 Bd5 22. g4 e4 23. Qe3 Ne5 24. gxh5 Kh7 25. c4 Bh6 26. Qxh6+ Kxh6 27. cxd5 Kh7 28. Nb3 axb4 29. Na1 Qxc1 30. Rxc1 bxa3 31. Nc2 a2 32. Ra1 Rxd5 33. Rxa2 Rd1+ 34. Nf1 Nc4 35. Na3 Nxa3 36. Rxa3 e3 0-1

[Event "Titled Tuesday intern op 05th Sep Early"]
[Site "Chess.com INT"]
[Date "2023.09.05"]
[Round "3"]
[White "Kuznetsov, Mikhail V"]
[Black "Bogaudinov, Rushan"]
[Result "1-0"]
[WhiteElo "2246"]
[BlackElo "1853"]
[PlyCount "65"]
[EventDate "2023.09.05"]
[EventType "swiss (blitz)"]
[EventRounds "11"]
[EventCountry "USA"]
[SourceTitle "EXT 2024"]
[Source "ChessBase"]
[SourceDate "2023.10.10"]
[SourceVersion "1"]
[SourceVersionDate "2023.10.10"]
[SourceQuality "1"]

1. Nf3 d5 2. g3 Nf6 3. Bg2 g6 4. 0-0 Bg7 5. d4 0-0 6. c4 c6 7. cxd5 Nxd5 8. Nc3 Bg4 9. h3 Bxf3 10. Bxf3 Nxc3 11. bxc3 Nd7 12. e4 e5 13. Be3 exd4 14. cxd4 Nb6 15. Rc1 Re8 16. a4 Qe7 17. a5 Nd7 18. a6 Nb6 19. axb7 Qxb7 20. Qb3 Rac8 21. Rc2 h5 22. h4 Qd7 23. Rfc1 Bxd4 24. Bxd4 Qxd4 25. Rxc6 Rxc6 26. Rxc6 Re7 27. Rxg6+ Kf8 28. Rg5 Qa4 29. Qc3 Re6 30. Rxh5 Nc4 31. Rc5 Nd6 32. Qh8+ Ke7 33. Rc7+ 1-0

[Event "Titled Tuesday intern op 05th Sep Early"]
[Site "Chess.com INT"]
[Date "2023.09.05"]
[Round "5"]
[White "Postny, Evgeny"]
[Black "Kuznetsov, Mikhail V"]
[Result "1-0"]
[WhiteElo "2570"]
[BlackElo "2246"]
[PlyCount "61"]
[EventDate "2023.09.05"]
[EventType "swiss (blitz)"]
[EventRounds "11"]
[EventCountry "USA"]
[SourceTitle "EXT 2024"]
[Source "ChessBase"]
[SourceDate "2023.10.10"]
[SourceVersion "1"]
[SourceVersionDate "2023.10.10"]
[SourceQuality "1"]

1. e4 c6 2. d4 d5 3. f3 e5 4. dxe5 Bc5 5. Nc3 Qb6 6. Na4 Bf2+ 7. Ke2 Qd4 8. Qxd4 Bxd4 9. exd5 Bxe5 10. f4 Bg4+ 11. Nf3 Bf6 12. dxc6 Nxc6 13. Kf2 0-0-0 14. Be3 Nge7 15. Bb5 Bxf3 16. Kxf3 Nd4+ 17. Bxd4 Rxd4 18. Nc3 Rb4 19. Rab1 Nf5 20. Bd3 Nd4+ 21. Kf2 Ne6 22. g3 Bxc3 23. bxc3 Rxb1 24. Rxb1 Kb8 25. Re1 Rc8 26. Bxh7 Rh8 27. Bf5 Rxh2+ 28. Kf3 Nc5 29. Re8+ Kc7 30. Re7+ Kd6 31. Rxf7 1-0

[Event "Titled Tuesday intern op 05th Sep Early"]
[Site "Chess.com INT"]
[Date "2023.09.05"]
[Round "9"]
[White "Samunenkov, Igor"]
[Black "Kuznetsov, Mikhail V"]
[Result "1-0"]
[WhiteElo "2517"]
[BlackElo "2246"]
[PlyCount "55"]
[EventDate "2023.09.05"]
[EventType "swiss (blitz)"]
[EventRounds "11"]
[EventCountry "USA"]
[SourceTitle "EXT 2024"]
[Source "ChessBase"]
[SourceDate "2023.10.10"]
[SourceVersion "1"]
[SourceVersionDate "2023.10.10"]
[SourceQuality "1"]

1. e4 c6 2. d4 d5 3. e5 Bf5 4. Nf3 e6 5. Be2 c5 6. 0-0 Nc6 7. c3 cxd4 8. Nxd4 Nge7 9. Nxf5 Nxf5 10. Bd3 g6 11. Qe2 Bc5 12. Nd2 Qc7 13. Nf3 0-0-0 14. b4 Be7 15. a3 Kb8 16. Bb2 h5 17. Rac1 g5 18. Bxf5 exf5 19. c4 d4 20. Rfd1 g4 21. Nxd4 Nxd4 22. Bxd4 Bg5 23. Rb1 Rhe8 24. b5 Ka8 25. b6 Qc6 26. bxa7 h4 27. Rb6 Qc7 28. Rd6 1-0

[Event "Titled Tuesday intern op 08th Aug Early"]
[Site "Chess.com INT"]
[Date "2023.08.08"]
[Round "5"]
[White "Kuznetsov, Mikhail V"]
[Black "Akobian, Varuzhan"]
[Result "0-1"]
[WhiteElo "2246"]
[BlackElo "2582"]
[PlyCount "70"]
[EventDate "2023.08.08"]
[EventType "swiss (blitz)"]
[EventRounds "11"]
[EventCountry "USA"]
[SourceTitle "EXT 2024"]
[Source "ChessBase"]
[SourceDate "2023.10.10"]
[SourceVersion "1"]
[SourceVersionDate "2023.10.10"]
[SourceQuality "1"]

1. Nf3 Nf6 2. g3 d5 3. Bg2 c6 4. 0-0 Bg4 5. d4 Nbd7 6. Nbd2 e6 7. Re1 Be7 8. e4 0-0 9. c3 a5 10. e5 Ne8 11. Nf1 c5 12. Bf4 cxd4 13. cxd4 Nc7 14. h3 Bh5 15. g4 Bg6 16. Ng3 Nb5 17. Rc1 Nb8 18. Bf1 Na7 19. Qb3 b5 20. a4 Bb4 21. Bd2 bxa4 22. Qxa4 Bxd2 23. Nxd2 Qb6 24. Nb3 Nbc6 25. Rc3 Rab8 26. Rec1 Qb4 27. Qxb4 Rxb4 28. Ne2 a4 29. Nc5 Nxd4 30. Nxd4 Rxd4 31. Ra3 Rc8 32. Rac3 h6 33. Ba6 Rc6 34. Bb7 Rb6 35. Ba8 Rxb2 0-1

[Event "Titled Tuesday intern op 08th Aug Early"]
[Site "Chess.com INT"]
[Date "2023.08.08"]
[Round "9"]
[White "Kuznetsov, Mikhail V"]
[Black "Djordjevic, Vuk D"]
[Result "0-1"]
[WhiteElo "2246"]
[BlackElo "2373"]
[PlyCount "166"]
[EventDate "2023.08.08"]
[EventType "swiss (blitz)"]
[EventRounds "11"]
[EventCountry "USA"]
[SourceTitle "EXT 2024"]
[Source "ChessBase"]
[SourceDate "2023.10.10"]
[SourceVersion "1"]
[SourceVersionDate "2023.10.10"]
[SourceQuality "1"]

1. Nf3 Nf6 2. g3 e6 3. Bg2 d5 4. 0-0 Be7 5. d4 0-0 6. c4 dxc4 7. Qa4 a6 8. Qxc4 b5 9. Qc2 Bb7 10. Bg5 Nc6 11. Rd1 Rc8 12. e3 Nb4 13. Qe2 h6 14. Bxf6 Bxf6 15. a3 Nd5 16. e4 Nb6 17. Nbd2 Bxd4 18. Nb3 c5 19. Nfxd4 cxd4 20. Rxd4 Qc7 21. Rad1 Rfd8 22. Rxd8+ Rxd8 23. Rxd8+ Qxd8 24. Nc5 Qc7 25. b4 Nc4 26. Qd3 Bc8 27. f4 Bb7 28. Kf2 g6 29. e5 Bxg2 30. Kxg2 Qc6+ 31. Kg1 Qa8 32. Nb3 Nxa3 33. Nc5 Nc4 34. h3 a5 35. bxa5 Qxa5 36. Nd7 Qe1+ 37. Kg2 Qd2+ 38. Qxd2 Nxd2 39. Nf6+ Kg7 40. Kf2 b4 41. Ke2 Nc4 42. Kd3 b3 43. Ne4 b2 44. Kc2 h5 45. Nd6 Ne3+ 46. Kxb2 Nf1 47. Ne4 Nh2 48. Kc2 h4 49. gxh4 Nf3 50. h5 gxh5 51. Kd3 Kg6 52. Ke3 Nh4 53. Nd6 Ng2+ 54. Kf3 Ne1+ 55. Ke4 Ng2 56. f5+ Kg5 57. fxe6 fxe6 58. Kf3 Nh4+ 59. Ke4 Ng6 60. Nf7+ Kh4 61. Nd8 Nf8 62. Kf4 Kxh3 63. Kg5 h4 64. Kf6 Kg3 65. Kf7 h3 66. Kxf8 h2 67. Nxe6 h1Q 68. Ng7 Qa8+ 69. Kf7 Qb7+ 70. Kf6 Qb2 71. Kf5 Qc2+ 72. Kf6 Qc3 73. Kf5 Qf3+ 74. Kg6 Kf4 75. e6 Ke5 76. e7 Qf6+ 77. Kh7 Qxe7 78. Kg6 Qf6+ 79. Kh7 Qg5 80. Kh8 Kf6 81. Ne8+ Kf7 82. Nd6+ Kf8 83. Nf7 Qg8# 0-1

[Event "Titled Tuesday intern op 08th Aug Early"]
[Site "Chess.com INT"]
[Date "2023.08.08"]
[Round "4"]
[White "Kuznetsov, Mikhail V"]
[Black "Weetik, Vjacheslav"]
[Result "1-0"]
[WhiteElo "2246"]
[BlackElo "2423"]
[PlyCount "79"]
[EventDate "2023.08.08"]
[EventType "swiss (blitz)"]
[EventRounds "11"]
[EventCountry "USA"]
[SourceTitle "EXT 2024"]
[Source "ChessBase"]
[SourceDate "2023.10.10"]
[SourceVersion "1"]
[SourceVersionDate "2023.10.10"]
[SourceQuality "1"]

1. Nf3 Nf6 2. g3 d5 3. Bg2 Bf5 4. 0-0 e6 5. d4 c6 6. c4 Nbd7 7. Nfd2 h5 8. h4 Be7 9. Nc3 Bg6 10. e4 dxe4 11. Ndxe4 Nxe4 12. Nxe4 Nf6 13. Nc3 Qa5 14. Bg5 Rd8 15. Qd2 0-0 16. Nd5 Rxd5 17. cxd5 Bb4 18. Qe2 Nxd5 19. a3 Bd6 20. Bf3 Nf6 21. Bxf6 gxf6 22. Be4 f5 23. Bf3 f4 24. Be4 f5 25. Bf3 Rf6 26. Bxh5 fxg3 27. Bxg6 Rxg6 28. fxg3 Rxg3+ 29. Kf2 Qd5 30. Ke1 Qxd4 31. Rd1 Qf6 32. Rxd6 Rg4 33. Qxe6+ Qxe6+ 34. Rxe6 Kf7 35. Re5 Rxh4 36. Rexf5+ Kg6 37. R5f4 Rh2 38. R4f2 Rh3 39. Kd1 Re3 40. Kc2 1-0

[Event "Titled Tuesday intern op 08th Aug Early"]
[Site "Chess.com INT"]
[Date "2023.08.08"]
[Round "3"]
[White "Skvortsov, Andrei"]
[Black "Kuznetsov, Mikhail V"]
[Result "0-1"]
[WhiteElo "2294"]
[BlackElo "2246"]
[PlyCount "122"]
[EventDate "2023.08.08"]
[EventType "swiss (blitz)"]
[EventRounds "11"]
[EventCountry "USA"]
[SourceTitle "EXT 2024"]
[Source "ChessBase"]
[SourceDate "2023.10.10"]
[SourceVersion "1"]
[SourceVersionDate "2023.10.10"]
[SourceQuality "1"]

1. e4 c6 2. Nc3 d5 3. Nf3 a6 4. d4 Bg4 5. Be3 e6 6. h3 Bh5 7. g4 Bg6 8. Ne5 Nd7 9. Nxg6 hxg6 10. Bg2 Nb6 11. Bf4 Nf6 12. 0-0 Be7 13. e5 Nfd7 14. Ne2 c5 15. b3 cxd4 16. Nxd4 0-0 17. c4 Nc5 18. b4 Ne4 19. c5 Nd7 20. f3 Nc3 21. Qd3 Nb5 22. Nxb5 axb5 23. Qxb5 Qc7 24. Rfe1 Ra3 25. Bc1 Rc3 26. a4 Rc4 27. Bb2 Rxb4 28. Qxb4 Bxc5+ 29. Qd4 Qb6 30. Qxc5 Qxc5+ 31. Kh2 Nb6 32. a5 Nc4 33. Bc1 Ra8 34. Bf4 Qd4 35. Bg3 g5 36. Rab1 Nxa5 37. Red1 Qc5 38. Rdc1 Nc4 39. Rc2 g6 40. Rxb7 Kg7 41. Rb1 Qd4 42. Re1 Ra3 43. Bf2 Qf4+ 44. Bg3 Qd4 45. Bf2 Qd3 46. Rce2 Qb3 47. h4 Ra2 48. hxg5 Rxe2 49. Rxe2 Qd3 50. Re1 Nd2 51. Re3 Nf1+ 52. Bxf1 Qxf1 53. Kg3 d4 54. Re4 d3 55. Be3 Qe1+ 56. Kf4 d2 57. Bxd2 Qxd2+ 58. Kg3 Qd5 59. Re3 Qd2 60. Kf4 Qc1 61. Ke4 Qc4# 0-1

[Event "Titled Tuesday intern op 01st Aug Early"]
[Site "Chess.com INT"]
[Date "2023.08.01"]
[Round "4"]
[White "Kuznetsov, Mikhail V"]
[Black "Harsh, Suresh"]
[Result "0-1"]
[WhiteElo "2246"]
[BlackElo "2324"]
[PlyCount "104"]
[EventDate "2023.08.01"]
[EventType "swiss (blitz)"]
[EventRounds "11"]
[EventCountry "USA"]
[SourceTitle "EXT 2024"]
[Source "ChessBase"]
[SourceDate "2023.10.10"]
[SourceVersion "1"]
[SourceVersionDate "2023.10.10"]
[SourceQuality "1"]

1. Nf3 d5 2. g3 g6 3. Bg2 Bg7 4. d4 Nf6 5. 0-0 0-0 6. c4 c6 7. cxd5 cxd5 8. Nc3 Nc6 9. Ne5 Be6 10. Nxc6 bxc6 11. Bf4 Qa5 12. Be5 Rfd8 13. Qd2 c5 14. dxc5 Qxc5 15. Bd4 Qa5 16. Rfd1 Rab8 17. b3 Rbc8 18. e3 Rc7 19. Be5 Rcc8 20. Bd4 a6 21. Rac1 Rc6 22. Nb1 Qxd2 23. Nxd2 Rdc8 24. Rxc6 Rxc6 25. Nf1 Rc2 26. Rd2 Rc1 27. f3 a5 28. Kf2 Nd7 29. Bxg7 Kxg7 30. Re2 Ra1 31. Rd2 Nc5 32. e4 dxe4 33. fxe4 Na6 34. Ne3 Nb4 35. Nd5 Rxa2 36. Rxa2 Nxa2 37. Ke3 Bxd5 38. exd5 Nc1 39. Kd4 Nxb3+ 40. Kc4 Nd2+ 41. Kb5 Kf6 42. Kxa5 Ke5 43. Kb5 Kd6 44. Kb4 Ke5 45. Kc3 Ne4+ 46. Kc4 f5 47. Kb5 Kxd5 48. Kb4 Kd4 49. Kb3 e5 50. Kc2 Ke3 51. Kd1 Kf2 52. Bh3 Ng5 0-1

[Event "Titled Tuesday intern op 01st Aug Early"]
[Site "Chess.com INT"]
[Date "2023.08.01"]
[Round "3"]
[White "Kuznetsov, Mikhail V"]
[Black "Kobo, Ori"]
[Result "1-0"]
[WhiteElo "2246"]
[BlackElo "2555"]
[PlyCount "53"]
[EventDate "2023.08.01"]
[EventType "swiss (blitz)"]
[EventRounds "11"]
[EventCountry "USA"]
[SourceTitle "EXT 2024"]
[Source "ChessBase"]
[SourceDate "2023.10.10"]
[SourceVersion "1"]
[SourceVersionDate "2023.10.10"]
[SourceQuality "1"]

1. Nf3 Nf6 2. g3 g6 3. b3 Bg7 4. Bb2 d6 5. d4 0-0 6. Bg2 Bf5 7. 0-0 c6 8. c4 a5 9. Nc3 Ne4 10. Nh4 Nxc3 11. Bxc3 Be6 12. Qd2 d5 13. cxd5 cxd5 14. Rac1 Nc6 15. Nf3 Qb6 16. e3 h6 17. Ne1 Rfd8 18. Nd3 Bf5 19. Nc5 e5 20. Na4 Qa7 21. dxe5 b5 22. Nb2 Bxe5 23. Bxe5 Nxe5 24. Qd4 Qe7 25. Rc5 Be4 26. Bxe4 dxe4 27. Qxe5 1-0

[Event "Titled Tuesday intern op 27th Jun Early"]
[Site "Chess.com INT"]
[Date "2023.06.27"]
[Round "3"]
[White "Kuznetsov, Mikhail V"]
[Black "Skliarov, Viktor"]
[Result "1-0"]
[WhiteElo "2246"]
[BlackElo "2383"]
[PlyCount "51"]
[EventDate "2023.06.27"]
[EventType "swiss (blitz)"]
[EventRounds "11"]
[EventCountry "USA"]
[SourceTitle "EXT 2024"]
[Source "ChessBase"]
[SourceDate "2023.10.10"]
[SourceVersion "1"]
[SourceVersionDate "2023.10.10"]
[SourceQuality "1"]

1. Nf3 g6 2. d4 Bg7 3. g3 Nf6 4. Bg2 0-0 5. b3 c5 6. Bb2 cxd4 7. Nxd4 Nc6 8. 0-0 d5 9. c4 Nxd4 10. Bxd4 dxc4 11. bxc4 Ng4 12. Bxg7 Kxg7 13. Qb3 Qc7 14. Nc3 Be6 15. Nd5 Bxd5 16. cxd5 Rac8 17. Qa4 h5 18. Qxa7 Qe5 19. Qxb7 Qxe2 20. Rae1 Qxa2 21. Qxe7 Rc2 22. Qe4 Rd8 23. h3 Nh6 24. Qe5+ Kg8 25. Ra1 Qb2 26. Qg5 1-0

[Event "Titled Tuesday intern op 13th Jun Early"]
[Site "Chess.com INT"]
[Date "2023.06.13"]
[Round "4"]
[White "De Silva, LMST"]
[Black "Kuznetsov, Mikhail V"]
[Result "1-0"]
[WhiteElo "2433"]
[BlackElo "2246"]
[PlyCount "69"]
[EventDate "2023.06.13"]
[EventType "swiss (blitz)"]
[EventRounds "11"]
[EventCountry "USA"]
[SourceTitle "EXT 2024"]
[Source "ChessBase"]
[SourceDate "2023.10.10"]
[SourceVersion "1"]
[SourceVersionDate "2023.10.10"]
[SourceQuality "1"]

1. c4 Nf6 2. Nc3 d5 3. cxd5 Nxd5 4. g3 g6 5. Bg2 Nb6 6. Nf3 Bg7 7. d4 0-0 8. 0-0 Nc6 9. d5 Na5 10. e4 c6 11. Nd4 cxd5 12. exd5 Nac4 13. b3 Nd6 14. Bb2 Nf5 15. Nde2 Bd7 16. Qd2 Rc8 17. Rfd1 Qe8 18. a4 e6 19. Ba3 Nxd5 20. Rac1 Nxc3 21. Nxc3 Bc6 22. Bxc6 Qxc6 23. Bxf8 Bxc3 24. Rxc3 Qxc3 25. Qxc3 Rxc3 26. Rd8 Rd3 27. Rxd3 Kxf8 28. Rd7 a5 29. Rxb7 Nd4 30. b4 axb4 31. a5 Nc6 32. a6 b3 33. Rxb3 Ke7 34. a7 Kd6 35. a8Q 1-0

[Event "Titled Tuesday intern op 13th Jun Early"]
[Site "Chess.com INT"]
[Date "2023.06.13"]
[Round "6"]
[White "Kuznetsov, Mikhail V"]
[Black "Itgelt, Khuyagtsogt"]
[Result "0-1"]
[WhiteElo "2246"]
[BlackElo "2321"]
[PlyCount "74"]
[EventDate "2023.06.13"]
[EventType "swiss (blitz)"]
[EventRounds "11"]
[EventCountry "USA"]
[SourceTitle "EXT 2024"]
[Source "ChessBase"]
[SourceDate "2023.10.10"]
[SourceVersion "1"]
[SourceVersionDate "2023.10.10"]
[SourceQuality "1"]

1. d4 Nf6 2. Nf3 g6 3. c4 Bg7 4. Nc3 d5 5. cxd5 Nxd5 6. e4 Nxc3 7. bxc3 c5 8. Bc4 0-0 9. 0-0 cxd4 10. cxd4 Nc6 11. Be3 Bg4 12. d5 Ne5 13. Be2 Nxf3+ 14. gxf3 Bh3 15. Re1 Bxa1 16. Qxa1 f6 17. Bh6 Rf7 18. f4 Qd7 19. Qc3 Bg4 20. f3 Bh5 21. Kg2 Rc8 22. Qd4 e5 23. fxe5 fxe5 24. Qxe5 Re8 25. Qd4 Rxf3 26. Bxf3 Bxf3+ 27. Kxf3 Qh3+ 28. Ke2 Qxh2+ 29. Kd3 Qxh6 30. e5 Qh3+ 31. Kd2 Qa3 32. Qc4 Qb2+ 33. Kd3 b5 34. Qc6 Qa3+ 35. Kd2 Qb4+ 36. Kd1 Qb1+ 37. Kd2 Qxa2+ 0-1

[Event "Titled Tuesday intern op 13th Jun Early"]
[Site "Chess.com INT"]
[Date "2023.06.13"]
[Round "11"]
[White "Zaksaite, Salomeja"]
[Black "Kuznetsov, Mikhail V"]
[Result "1-0"]
[WhiteElo "2304"]
[BlackElo "2246"]
[PlyCount "75"]
[EventDate "2023.06.13"]
[EventType "swiss (blitz)"]
[EventRounds "11"]
[EventCountry "USA"]
[SourceTitle "EXT 2024"]
[Source "ChessBase"]
[SourceDate "2023.10.10"]
[SourceVersion "1"]
[SourceVersionDate "2023.10.10"]
[SourceQuality "1"]

1. e4 c6 2. d4 d5 3. exd5 cxd5 4. Bd3 Nc6 5. c3 Nf6 6. h3 g6 7. Nf3 Bf5 8. Be2 Bg7 9. 0-0 0-0 10. Nbd2 Ne4 11. Re1 Nxd2 12. Bxd2 Be4 13. Bf4 Bxf3 14. Bxf3 e6 15. b4 Rc8 16. Qb3 a6 17. a4 Qd7 18. Rec1 Ne7 19. b5 axb5 20. axb5 Nf5 21. Ra7 Ra8 22. b6 Rfc8 23. Be5 Bxe5 24. dxe5 Ne7 25. c4 Rxa7 26. bxa7 b5 27. Ra1 Ra8 28. cxb5 Rxa7 29. Rb1 Nc8 30. Qb4 Nb6 31. Qc5 Rb7 32. Qc6 Qc7 33. h4 Qd7 34. h5 Kg7 35. g3 Qc7 36. Kg2 Nc4 37. Qa6 Qb6 38. Qa8 1-0

[Event "Titled Tuesday intern op 30th May Early"]
[Site "Chess.com INT"]
[Date "2023.05.30"]
[Round "4"]
[White "Glashausser, Sho"]
[Black "Kuznetsov, Mikhail V"]
[Result "0-1"]
[WhiteElo "1978"]
[BlackElo "2246"]
[PlyCount "84"]
[EventDate "2023.05.30"]
[EventType "swiss (blitz)"]
[EventRounds "11"]
[EventCountry "USA"]
[SourceTitle "CBM 214 Extra"]
[Source "ChessBase"]
[SourceDate "2023.07.31"]
[SourceVersion "1"]
[SourceVersionDate "2023.07.31"]
[SourceQuality "1"]

1. Nf3 Nf6 2. b3 g6 3. Bb2 Bg7 4. e3 0-0 5. d4 d5 6. c4 c5 7. dxc5 Qa5+ 8. Nbd2 Qxc5 9. Rc1 dxc4 10. Bxc4 Qh5 11. h3 Nc6 12. 0-0 Rd8 13. Qc2 Bf5 14. e4 Nxe4 15. Nxe4 Bxb2 16. Qxb2 Bxe4 17. Be2 Qf5 18. Rfd1 Qf6 19. Qxf6 exf6 20. Nd2 Nd4 21. Bc4 Bd5 22. Kf1 Bxc4+ 23. Nxc4 Ne6 24. Nd6 Rd7 25. Ne4 Rxd1+ 26. Rxd1 f5 27. Nc3 Kf8 28. Rd7 Rc8 29. Nb5 Nc5 30. Rd5 b6 31. Rd6 a6 32. Nd4 Rb8 33. Nc6 Rb7 34. Nb4 Ne4 35. Rc6 a5 36. Nd5 b5 37. Rc8+ Kg7 38. Ra8 a4 39. bxa4 bxa4 40. Rxa4 Rb1+ 41. Ke2 Rb5 42. Ne3 Nc3+ 0-1

[Event "Titled Tuesday intern op 30th May Early"]
[Site "Chess.com INT"]
[Date "2023.05.30"]
[Round "5"]
[White "Kuznetsov, Mikhail V"]
[Black "Dehtiarov, Roman"]
[Result "0-1"]
[WhiteElo "2246"]
[BlackElo "2289"]
[PlyCount "102"]
[EventDate "2023.05.30"]
[EventType "swiss (blitz)"]
[EventRounds "11"]
[EventCountry "USA"]
[SourceTitle "CBM 214 Extra"]
[Source "ChessBase"]
[SourceDate "2023.07.31"]
[SourceVersion "1"]
[SourceVersionDate "2023.07.31"]
[SourceQuality "1"]

1. d4 Nf6 2. Nf3 g6 3. g3 Bg7 4. Bg2 d5 5. 0-0 0-0 6. c4 dxc4 7. Na3 c3 8. bxc3 c5 9. e3 Nc6 10. Bb2 Bf5 11. Qe2 Qc8 12. Rfd1 Bg4 13. d5 Ne5 14. Nc4 Nfd7 15. h3 Bxf3 16. Bxf3 Nxc4 17. Qxc4 Ne5 18. Qe2 Nxf3+ 19. Qxf3 Qxh3 20. Rd2 Rad8 21. c4 Bxb2 22. Rxb2 b6 23. e4 f5 24. e5 f4 25. Qg2 Qh5 26. Re1 fxg3 27. fxg3 Qg4 28. Re4 Qd1+ 29. Kh2 Rf5 30. g4 Rf1 31. Rf2 Rf8 32. Rxf8+ Rxf8 33. Re2 Qd4 34. Qe4 Rf2+ 35. Kg3 Qxe4 36. Rxe4 Rd2 37. d6 exd6 38. exd6 Rxd6 39. Re7 Rd4 40. Kh4 h6 41. Rxa7 Rxc4 42. Rb7 Rb4 43. a3 Rb3 44. a4 c4 45. Rc7 Rb4 46. Rc6 Kf7 47. Kg3 g5 48. Kf3 Kg7 49. Ke4 c3+ 50. Kf5 Rf4+ 51. Ke5 Rxg4 0-1

[Event "Titled Tuesday intern op 30th May Early"]
[Site "Chess.com INT"]
[Date "2023.05.30"]
[Round "3"]
[White "Kuznetsov, Mikhail V"]
[Black "Fudalej, Michal"]
[Result "1-0"]
[WhiteElo "2246"]
[BlackElo "2188"]
[PlyCount "81"]
[EventDate "2023.05.30"]
[EventType "swiss (blitz)"]
[EventRounds "11"]
[EventCountry "USA"]
[SourceTitle "CBM 214 Extra"]
[Source "ChessBase"]
[SourceDate "2023.07.31"]
[SourceVersion "1"]
[SourceVersionDate "2023.07.31"]
[SourceQuality "1"]

1. Nf3 g6 2. h4 h5 3. g3 Bg7 4. Bg2 c5 5. 0-0 Nc6 6. c4 Nf6 7. Nc3 d5 8. d4 cxd4 9. Nxd4 0-0 10. cxd5 Nb4 11. Nb3 Bf5 12. e4 Bg4 13. f3 Bd7 14. a3 Na6 15. Be3 Rc8 16. e5 Ne8 17. f4 b6 18. Nd4 Bg4 19. Qa4 Nec7 20. Nc6 Qe8 21. Nxa7 Bd7 22. Nc6 Nc5 23. Bxc5 bxc5 24. Rad1 Nxd5 25. Nxe7+ Qxe7 26. Nxd5 Qe6 27. Qxd7 Qxd7 28. Nf6+ Bxf6 29. Rxd7 Bd8 30. Rc1 Bb6 31. Bd5 Rcd8 32. Rxd8 Rxd8 33. Rd1 Kf8 34. Kg2 Ke7 35. Bb3 Rxd1 36. Bxd1 c4 37. Be2 Bd4 38. Bxc4 Bxb2 39. a4 Bc3 40. Kf3 Bb4 41. Ke2 1-0